书目信息 |
| 题名: |
谜
|
|
| 作者: | 科斯蒂基安, 著 ;王竹青 译 | |
| 分册: | ||
| 出版信息: | 北京 人民邮电出版社 2017 |
|
| 页数: | 123页 | |
| 开本: | 24cm | |
| 丛书名: | 云聚 | |
| 单 册: | ||
| 中图分类: | G898.3 , TP317.63 | |
| 科图分类: | ||
| 主题词: | 网络游戏--wang luo you xi--游戏程序--程序设计 | |
| 电子资源: | ||
| ISBN: | 978-7-115-46352-4 | |
| 000 | 01279cam 2200325 450 | |
| 001 | 012001002442 | |
| 005 | 20140101101739.0 | |
| 010 | @a978-7-115-46352-4@b精装@dCNY88.00 | |
| 099 | @aCAL 012017163705 | |
| 100 | @a20171101d2017 em y0chiy50 ea | |
| 101 | 1 | @achi@ceng |
| 102 | @aCN@b110000 | |
| 105 | @ay z 000yy | |
| 106 | @ar | |
| 200 | 1 | @a谜@Ami@e“不确定”的游戏@f(美) 格雷格·科斯蒂基安@g王竹青译 |
| 210 | @a北京@c人民邮电出版社@d2017 | |
| 215 | @a123页@d24cm | |
| 225 | 2 | @a云聚@AYun Ju@i思维 |
| 306 | @a本书简体中文专有翻译出版权由博达著作权代理有限公司Bardon Chinese Media Agency代理The MIT Press授权人民邮电出版社 | |
| 330 | @a本书探索了多种游戏中的不确定性,从《超级马里奥兄弟》到《石头剪刀布》,从《大富翁》到《星佳城市》,从第一人称射击死亡竞技游戏到《国际象棋》;作者定义了不确定性的类型,包括操作不确定性、分析复杂性和叙事期待等。 | |
| 333 | @a游戏设计师及相关读者。 | |
| 410 | 0 | @12001 @a云聚@i思维 |
| 517 | 1 | @a“不确定”的游戏@A“bu que ding”de you xi |
| 606 | 0 | @a网络游戏@Awang luo you xi@x游戏程序@x程序设计 |
| 690 | @aG898.3@v5 | |
| 690 | @aTP317.63@v5 | |
| 701 | 1 | @a科斯蒂基安,@Ake si di ji an@b格雷格@4著 |
| 702 | 0 | @a王竹青@Awang zhu qing@4译 |
| 801 | 0 | @aCN@b北京卓展@c20191020 |
| 905 | @b1203456-8@dG898.3@e434@f3 | |
| 谜:“不确定”的游戏/(美) 格雷格·科斯蒂基安/王竹青译.-北京:人民邮电出版社,2017 |
| 123页;24cm.-(云聚.思维) |
| 使用对象:游戏设计师及相关读者。 |
| ISBN 978-7-115-46352-4(精装):CNY88.00 |
| 本书探索了多种游戏中的不确定性,从《超级马里奥兄弟》到《石头剪刀布》,从《大富翁》到《星佳城市》,从第一人称射击死亡竞技游戏到《国际象棋》;作者定义了不确定性的类型,包括操作不确定性、分析复杂性和叙事期待等。 |
| ● |
| 相关链接 |
|
|
|
|
正题名:谜
索取号:G898.3/434
 
预约/预借
| 序号 | 登录号 | 条形码 | 馆藏地/架位号 | 状态 | 备注 |
| 1 | 1203456 | 212034564 | 第一样本阅览室/ [索取号:G898.3/434] | 在馆 | |
| 2 | 1203457 | 212034573 | 第四借阅区/ [索取号:G898.3/434] | 在馆 | |
| 3 | 1203458 | 212034582 | 第四借阅区/ [索取号:G898.3/434] | 在馆 |